| 000 | 00544nam a2200217 a 4500 | ||
|---|---|---|---|
| 999 |
_c6488 _d6488 |
||
| 001 | 6488 | ||
| 003 | BD-JhCC | ||
| 005 | 20180123195615.0 | ||
| 008 | 180123s1965 eng |||| ||a| 000 0 eng d | ||
| 035 | _a(BD-JhCC)6488 | ||
| 040 |
_aBD-JhCC _dBD-JhCC |
||
| 041 | _aeng | ||
| 082 |
_a813.6 _bRID 1965 |
||
| 100 | _aRidout, Ridout | ||
| 245 |
_aI Dare you / _cRidout Ridout |
||
| 260 |
_aLondon : _bHienemann Educational, _c1965. |
||
| 300 |
_a196 p. : _c18 cm. |
||
| 650 | _aDetective and mystery Stories | ||
| 942 |
_2ddc _cBK |
||